Normal view
MARC view
- Forster, E. M.
Entry Personal Name
001 - CONTROL NUMBER
- control field: 90784
003 - CONTROL NUMBER IDENTIFIER
- control field: NUST
005 - DATE AND TIME OF LATEST TRANSACTION
- control field: 20220401100706.0
008 - FIXED-LENGTH DATA ELEMENTS
- fixed length control field: 220401|| aca||aabn | a|a d
040 ## - CATALOGING SOURCE
- Original cataloging agency: NUST
- Transcribing agency: NUST
100 ## - HEADING--PERSONAL NAME
- Personal name: Forster, E. M.
- Fuller form of name: (Edward Morgan),
- Dates associated with a name: 1879-1970.
- Title of a work: Passage to India
670 ## - SOURCE DATA FOUND
- Source citation: Work cat.: (NUST)173161: edited by Peter Childs 90783, E. M. Forster's, A passage to India, 2002.
